Представление документа в формате MARC21

Поле Инд. ПП Название Значение
Тип записи a
Библиографический уровень b
001 Контрольный номер RU/IS/BASE/323361734
005 Дата корректировки 20200529173519.8
008 Кодируемые данные 20100331
040 b Код языка каталог. rus
e Правила каталог. PSBO
041 0_ a Код языка текста rus
084 a Индекс другой классификации/Индекс ББК 83.3(2=411.2)5-017; 87.82
100 1_ a Автор Одесская М. М.
245 10 a Заглавие Трактат Толстого "Что такое искусство?" в контексте крушения идеалистической эстетики
504 a Библиография Примеч. и библиогр. ссылки
600 14 a Персоналии Толстой Лев Николаевич
650 04 a Основная рубрика история литературы
a Основная рубрика литературоведение
a Основная рубрика филологические науки
a Основная рубрика эстетика
653 0_ a Ключевые слова "Сон"
a Ключевые слова "Что такое искусство?"
a Ключевые слова искусство
a Ключевые слова моральная философия
a Ключевые слова философия искусства
a Ключевые слова философия творчества
a Ключевые слова этические взгляды
773 08 t Заглавие источника Филологические науки
d Дата издания источника 2009
g Прочая информация № 2. - С. 20 - 29
w Контрольный № источника RU/IS/BASE/293108061
901 t Тип документа b